Punk bands - Statistics

General Stats
  • This quiz has been taken 70 times
  • The average score is 9 of 19
Answer Stats
Hint Answer % Correct
Anarchy in the UK, Pretty Vacant Sex Pistols
97%
London Calling, Guns Of Brixton The Clash
92%
Sheena is a Punk Rocker, Pet Sematary Ramones
87%
Holiday In Cambodia, Too drunk to fuck Dead Kennedys
85%
Six Pack, TV Party Black Flag
70%
Search and Destroy, 1969 The Stooges
59%
Straight Edge, Out of Step Minor Threat
57%
Banned in DC, Pay To Cum Bad Brains
56%
Alternative Ulster, Suspect Device Stiff Little Fingers
44%
Rebel Girl, Double Dare Ya Bikini Kill
38%
Wild in the Streets, Live Fast Die Young Circle Jerks
36%
Mickey Mouse is Dead, No Subhumans
34%
Big A Little A, Bara Motel Crass
30%
Fuck The Usa, Beat The Bastards The Exploited
25%
Hope, Statue of Liberty Descendants
23%
Bite It You Scum, I Wanna Fuck Myself GG Allin
21%
John Wayne was a Nazi, Born to Die MDC
21%
Protest And Survive, Hear Nothing See Nothing Say Nothing Discharge
15%
The Serenade is Dead, From Protest to Resistance Conflict
11%
No matching quizzes found
Score Distribution
Percent of People with Each Score
Percentile by Number Answered
Your Score History
You have not taken this quiz